Normal view MARC view

Entry Personal Name

Number of records used in: 11

001 - CONTROL NUMBER

  • control field: 66930

003 - CONTROL NUMBER IDENTIFIER

  • control field: dpl

005 - DATE AND TIME OF LATEST TRANSACTION

  • control field: 20240527150117.0

008 - FIXED-LENGTH DATA ELEMENTS

  • fixed length control field: 240527|| aca||aabn | a|a d

040 ## - CATALOGING SOURCE

  • Original cataloging agency: dpl
  • Transcribing agency: dpl

100 ## - HEADING--PERSONAL NAME

  • Personal name: Malayaj Garga

670 ## - SOURCE DATA FOUND

  • Source citation: Work cat.: (dpl)203282: GARGA, MALAYAJ. 66929, The Holy Ganga:, 2013

© Delhi Public Library
Hit Counter
free hit counter